000 00368nam a2200145Ia 4500
005 20251222151332.0
008 251222s9999||||xx |||||||||||||| ||spa||
020 _a8788992971
082 _a615/P44
100 _aPérez, José Luis Rodrigo
245 0 _aManual de Exploración del Hombro
250 _a1ra.ed.
264 _bAlmirall Prodesfarma, S.A.
942 _cLIB
999 _c24151
_d24151